[Event "54th Groningen Open 2016"]
[Site "Groningen NED"]
[Date "2016.12.23"]
[Round "3.5"]
[White "Werle, Jan"]
[Black "Warmerdam, Max"]
[Result "1/2-1/2"]
[WhiteTitle "GM"]
[BlackTitle "FM"]
[WhiteElo "2560"]
[BlackElo "2347"]
[WhiteFideId "1006088"]
[BlackFideId "1048104"]
[EventDate "2016.12.21"]

1. d4 Nf6 2. c4 g6 3. Nc3 d5 4. cxd5 Nxd5 5. e4 Nxc3 6. bxc3 Bg7 7. Be3 c5 8.
Rc1 Qa5 9. Qd2 cxd4 10. cxd4 Qxd2+ 11. Bxd2 Nc6 12. d5 Nd4 13. Ne2 Bd7 14. Nxd4
Bxd4 15. Rc4 Bb6 16. a4 e6 17. a5 Bd8 18. Bb4 f6 19. Rc3 exd5 20. exd5 Kf7 21.
Bc4 Re8+ 22. Kd2 f5 23. d6+ Kg7 24. Bd5 Rb8 25. f4 Bc6 26. Bf3 Bf6 27. Rc4 Red8
28. Rd1 Rd7 29. Bxc6 bxc6 30. Kc2 Bd8 31. Bc3+ Kf7 32. Rxc6 Rb5 33. Ra6 Ke6 34.
Re1+ Kf7 35. Re5 Rb8 36. Rc5 Ke6 37. Rc7 Rb7 38. Bd4 Kd5 39. Rxd7 Rxd7 40. Bxa7
Kc4 41. Rc6+ Kd5 42. Ra6 Kc4 43. Bb8 Kb5 44. Ra7 Rxa7 45. Bxa7 Bxa5 46. Kd3 Kc6
47. Bb8 Bb6 48. h3 h5 49. Kc4 Be3 1/2-1/2

[Event "54th Groningen Open 2016"]
[Site "Groningen NED"]
[Date "2016.12.23"]
[Round "3.6"]
[White "Gao, Rui"]
[Black "Maris, Ivo"]
[Result "1-0"]
[WhiteTitle "GM"]
[BlackTitle "FM"]
[WhiteElo "2551"]
[BlackElo "2345"]
[WhiteFideId "8602387"]
[BlackFideId "1028146"]
[EventDate "2016.12.21"]

1. e4 c5 2. Nf3 e6 3. d4 cxd4 4. Nxd4 Nc6 5. Nc3 Qc7 6. Be3 a6 7. Qd2 Nf6 8. f4
Bb4 9. Bd3 Na5 10. a3 Bxc3 11. Qxc3 Qxc3+ 12. bxc3 d5 13. e5 Ne4 14. Nb3 Nc4 15.
Bxc4 dxc4 16. Na5 Bd7 17. Bd4 f5 18. exf6 gxf6 19. O-O-O Rg8 20. Rhe1 f5 21.
Nxc4 Bb5 22. Nb6 Rd8 23. g3 h5 24. Kb2 Ke7 25. a4 Bc6 26. Ka3 Rb8 27. Rd3 Rbd8
28. Red1 Rb8 29. Kb4 Rbe8 30. c4 Rb8 31. a5 Rbe8 32. Kb3 Rd8 33. Kb4 Rde8 34.
Kb3 Rd8 35. Be3 Rh8 36. Kb4 Rxd3 37. cxd3 Nf6 38. Bd4 h4 39. Bxf6+ Kxf6 40. d4
hxg3 41. hxg3 Bf3 42. Rd2 Rh1 43. d5 Rb1+ 44. Kc3 exd5 45. cxd5 Rh1 46. Nd7+ Ke7
47. Ne5 Bh5 48. d6+ Kd8 49. Kd4 Be8 50. d7 Bh5 51. Rc2 Rd1+ 52. Ke3 Rxd7 53.
Nxd7 Kxd7 54. Kd4 Bf3 55. Ke5 Bg4 56. Rc1 Bh3 57. Rh1 Bg4 58. Rh6 Kc7 59. Kd5
Bf3+ 60. Kc5 Kd7 61. Rh7+ Kc8 62. Kb6 Bc6 63. Rh8+ Kd7 64. Rb8 1-0

[Event "54th Groningen Open 2016"]
[Site "Groningen NED"]
[Date "2016.12.23"]
[Round "3.7"]
[White "Schoppen, Casper"]
[Black "Bai, Jinshi"]
[Result "1/2-1/2"]
[BlackTitle "GM"]
[WhiteElo "2337"]
[BlackElo "2544"]
[WhiteFideId "1046730"]
[BlackFideId "8602280"]
[EventDate "2016.12.21"]

1. e4 c5 2. Nf3 Nc6 3. d4 cxd4 4. Nxd4 e6 5. Nc3 a6 6. Nxc6 bxc6 7. Bd3 d5 8.
O-O Nf6 9. Qf3 Be7 10. Qg3 O-O 11. Bh6 Ne8 12. Bf4 Bh4 13. Qf3 Bg5 14. Rad1 Qf6
15. Bxg5 Qxg5 16. Na4 Rb8 17. b3 Nf6 18. Nc5 a5 19. Rfe1 e5 20. Qg3 Qxg3 21.
hxg3 Re8 22. Bf1 g5 23. a4 Re7 24. f3 Kg7 25. Kf2 h6 26. g4 d4 27. c3 Nd7 28.
Nxd7 Rxd7 29. cxd4 exd4 30. Bc4 Rb4 31. g3 Rd8 32. Rc1 Be6 33. Bxe6 fxe6 34.
Rxc6 Rxb3 35. Rc7+ Kg6 36. f4 gxf4 37. gxf4 d3 38. Rd1 Rd4 39. f5+ Kf6 40. Rc6
Rxe4 41. Kf3 Re5 42. Rxe6+ Rxe6 43. fxe6 Kxe6 44. Ke3 Kd5 45. Rh1 Rb6 46. Kxd3
Rg6 47. Rh5+ Kc6 48. Rxa5 Rxg4 49. Ra6+ Kd5 50. Rxh6 Rxa4 1/2-1/2

[Event "54th Groningen Open 2016"]
[Site "Groningen NED"]
[Date "2016.12.23"]
[Round "3.8"]
[White "Chigaev, Maksim"]
[Black "Gedajlovic, Max"]
[Result "1-0"]
[WhiteTitle "GM"]
[BlackTitle "FM"]
[WhiteElo "2531"]
[BlackElo "2338"]
[WhiteFideId "4108116"]
[BlackFideId "2616840"]
[EventDate "2016.12.21"]

1. Nf3 Nf6 2. d4 e6 3. Bf4 c5 4. e3 d5 5. c3 Nc6 6. Nbd2 Bd6 7. Bg3 O-O 8. Bb5
Ne7 9. Bd3 Ng6 10. Bxg6 hxg6 11. Bxd6 Qxd6 12. Ne5 b6 13. h4 Ba6 14. f4 b5 15.
g4 b4 16. h5 bxc3 17. bxc3 cxd4 18. hxg6 fxg6 19. cxd4 Qa3 20. Qf3 Rfc8 21. Qh3
Kf8 22. Qh8+ Ng8 23. Kf2 Rc2 24. Nxg6+ Kf7 25. Ne5+ Kf8 26. Nf3 Qd3 27. Rh7 Rc7
28. Re1 Rb8 29. Nb3 Qc2+ 30. Kg3 Bd3 31. Rh2 Qc6 32. Ne5 Qc3 33. Reh1 g5 34.
fxg5 Be4 35. Rf1+ Ke7 36. Re2 Kd6 37. Nf7+ Kd7 38. Nc5+ Kc6 39. Nxe4 Qd3 40.
Ne5+ 1-0

[Event "54th Groningen Open 2016"]
[Site "Groningen NED"]
[Date "2016.12.23"]
[Round "3.9"]
[White "De Jong, Migchiel"]
[Black "Gleizerov, Evgeny"]
[Result "0-1"]
[WhiteTitle "IM"]
[BlackTitle "GM"]
[WhiteElo "2331"]
[BlackElo "2518"]
[WhiteFideId "1002848"]
[BlackFideId "4101332"]
[EventDate "2016.12.21"]

1. e4 e6 2. d4 d5 3. Nc3 Nf6 4. Bg5 Be7 5. e5 Nfd7 6. Bxe7 Qxe7 7. f4 O-O 8. Nf3
c5 9. Qd2 Nc6 10. dxc5 Nxc5 11. Bd3 f5 12. exf6 Qxf6 13. g3 Bd7 14. Ng5 Nxd3+
15. Qxd3 Qf5 16. Qxf5 Rxf5 17. O-O-O d4 18. Nce4 h6 19. Nf3 e5 20. Nc5 exf4 21.
Nxd7 Rd5 22. gxf4 Rxd7 23. Rhe1 Kf7 24. c3 Rad8 25. cxd4 Kf6 26. Re4 Kf5 27.
Rde1 a6 28. Nh4+ Kf6 29. Re6+ Kf7 30. Nf3 Rc7 31. Kb1 Nxd4 32. Nxd4 Rxd4 33.
R6e4 Rxe4 34. Rxe4 Kf6 35. h3 Kg6 36. a4 Kh5 37. b3 Kh4 38. Re3 Rf7 39. Kb2 Rxf4
40. Re7 g5 41. Rxb7 Kxh3 42. Rb6 h5 43. Rxa6 g4 44. Rh6 h4 45. a5 g3 46. a6 g2
47. Rg6 Rf6 48. Rxf6 g1=Q 49. Rf7 Qd4+ 50. Ka2 Qd2+ 0-1

[Event "54th Groningen Open 2016"]
[Site "Groningen NED"]
[Date "2016.12.23"]
[Round "3.10"]
[White "Deepan, Chakkravarthy J."]
[Black "Bao, Qilin"]
[Result "1/2-1/2"]
[WhiteTitle "GM"]
[WhiteElo "2471"]
[BlackElo "2331"]
[WhiteFideId "5011132"]
[BlackFideId "8605750"]
[EventDate "2016.12.21"]

1. c4 e6 2. g3 Nf6 3. Bg2 d5 4. Nf3 c5 5. O-O Nc6 6. b3 d4 7. e3 Bd6 8. d3 O-O
9. exd4 cxd4 10. Na3 e5 11. Nc2 Re8 12. a3 a5 13. Rb1 Bf5 14. b4 axb4 15. axb4
Qc8 16. c5 Bb8 17. Nh4 Bh3 18. Bd2 e4 19. dxe4 Bxg2 20. Kxg2 Nxe4 21. Nf3 Qd8
22. b5 Ne5 23. Ncxd4 Nxc5 24. Bb4 Nxf3 25. Bxc5 Nh4+ 26. gxh4 Qd5+ 27. Nf3 Qxc5
28. Qd7 Qe7 29. Rfd1 Bf4 30. Rd4 Qxd7 31. Rxd7 b6 32. Rb4 Bh6 33. Rc4 Ra2 34.
Re7 Kf8 35. Rb7 Rb2 36. Rxb6 Be3 37. Rb7 Bxf2 38. Kh3 Rb3 39. Kg4 h5+ 40. Kf4
Be3+ 41. Kg3 Bh6 1/2-1/2

[Event "54th Groningen Open 2016"]
[Site "Groningen NED"]
[Date "2016.12.24"]
[Round "4.1"]
[White "Liu, Guanchu"]
[Black "Ulybin, Mikhail"]
[Result "1-0"]
[WhiteTitle "IM"]
[BlackTitle "GM"]
[WhiteElo "2418"]
[BlackElo "2483"]
[WhiteFideId "8603901"]
[BlackFideId "4101405"]
[EventDate "2016.12.21"]

1. e4 e6 2. d4 d5 3. Nd2 Nf6 4. e5 Nfd7 5. Bd3 c5 6. c3 Nc6 7. Ne2 cxd4 8. cxd4
f6 9. Nf4 Nxd4 10. Qh5+ Ke7 11. exf6+ Nxf6 12. Ng6+ hxg6 13. Qxh8 Kf7 14. O-O e5
15. Nb3 Nxb3 16. axb3 Be6 17. Bd2 e4 18. Be2 Qb6 19. Rfc1 Re8 20. Qh4 Bc5 21.
Qg3 d4 22. Ba5 Qd6 23. Qxd6 Bxd6 24. Bc7 Bf8 25. Rxa7 d3 26. Bd1 Bd5 27. Bf4 Kg8
28. Rca1 b5 29. Kf1 Bc5 30. R7a5 e3 31. Bxe3 Bxe3 32. fxe3 Ne4 33. Rxb5 Rf8+ 34.
Kg1 Nd2 35. Bg4 Nxb3 36. Rd1 Bf7 37. Rxd3 Bc4 38. Rbxb3 1-0

[Event "54th Groningen Open 2016"]
[Site "Groningen NED"]
[Date "2016.12.24"]
[Round "4.2"]
[White "Tiviakov, Sergei"]
[Black "Van Foreest, Lucas"]
[Result "1-0"]
[WhiteTitle "GM"]
[WhiteElo "2609"]
[BlackElo "2395"]
[WhiteFideId "1008013"]
[BlackFideId "1039792"]
[EventDate "2016.12.21"]

1. e4 e5 2. Nf3 Nf6 3. d4 Nxe4 4. Bd3 Nc6 5. Nxe5 Nxe5 6. dxe5 Nc5 7. O-O Nxd3
8. Qxd3 d6 9. Rd1 Bg4 10. Qb5+ Bd7 11. Qxb7 dxe5 12. Nc3 Be7 13. Nb5 O-O 14.
Qxc7 Qxc7 15. Nxc7 Bg4 16. f3 Rac8 17. Nd5 Bc5+ 18. Be3 Be6 19. Bxc5 Rxc5 20.
Ne3 f5 21. Rd2 f4 22. Nd1 Bf5 23. Rc1 e4 24. fxe4 Bxe4 25. c4 a5 26. b3 Bc6 27.
Nc3 Re8 28. Rf1 f3 29. gxf3 Rg5+ 30. Rg2 Rxg2+ 31. Kxg2 Re3 32. Ne4 Rd3 33. Nc5
Rc3 34. h4 Kf7 35. Kg3 Ke7 36. Re1+ Kf7 37. Ne4 Bxe4 38. Rxe4 Rc2 39. a4 Rc3 40.
Re5 Rxb3 41. Rxa5 Rb4 42. c5 Rc4 43. h5 g6 44. hxg6+ Kxg6 45. Ra6+ 1-0

[Event "54th Groningen Open 2016"]
[Site "Groningen NED"]
[Date "2016.12.24"]
[Round "4.3"]
[White "Gleizerov, Evgeny"]
[Black "Gao, Rui"]
[Result "1/2-1/2"]
[WhiteTitle "GM"]
[BlackTitle "GM"]
[WhiteElo "2518"]
[BlackElo "2551"]
[WhiteFideId "4101332"]
[BlackFideId "8602387"]
[EventDate "2016.12.21"]

1. d4 Nf6 2. c4 g6 3. Nc3 d5 4. cxd5 Nxd5 5. Bd2 Bg7 6. e4 Nxc3 7. Bxc3 O-O 8.
Bc4 c5 9. d5 Bxc3+ 10. bxc3 Qd6 11. Ne2 f5 12. exf5 Bxf5 13. O-O Nd7 14. Ng3 Nb6
15. Qb3 Rad8 16. Rad1 Bd7 17. Ne4 Ba4 18. Nxd6 Bxb3 19. axb3 Rxd6 20. Rfe1 Nxc4
21. bxc4 Rd7 22. g3 Rf6 23. Ra1 a6 24. Reb1 Kf7 25. Ra3 b5 26. cxb5 axb5 27.
Rxb5 Rxd5 1/2-1/2

[Event "54th Groningen Open 2016"]
[Site "Groningen NED"]
[Date "2016.12.24"]
[Round "4.4"]
[White "Lai, Hing Ting"]
[Black "Chigaev, Maksim"]
[Result "0-1"]
[WhiteTitle "FM"]
[BlackTitle "GM"]
[WhiteElo "2409"]
[BlackElo "2531"]
[WhiteFideId "1038257"]
[BlackFideId "4108116"]
[EventDate "2016.12.21"]

1. Nf3 Nf6 2. g3 g6 3. Bg2 Bg7 4. O-O O-O 5. d4 d6 6. c4 c5 7. Nc3 Nc6 8. dxc5
dxc5 9. Bf4 Nh5 10. Be3 Nd4 11. Qd2 e5 12. b3 Bd7 13. Rfd1 Bc6 14. Ne1 Bxg2 15.
Kxg2 f5 16. Bh6 Bxh6 17. Qxh6 f4 18. Nf3 Qd7 19. Ne4 b6 20. Nh4 Nf6 21. Nxf6+
Rxf6 22. Qg5 Qc6+ 0-1

[Event "54th Groningen Open 2016"]
[Site "Groningen NED"]
[Date "2016.12.24"]
[Round "4.5"]
[White "Hopman, Pieter"]
[Black "Werle, Jan"]
[Result "1/2-1/2"]
[WhiteTitle "FM"]
[BlackTitle "GM"]
[WhiteElo "2345"]
[BlackElo "2560"]
[WhiteFideId "1005669"]
[BlackFideId "1006088"]
[EventDate "2016.12.21"]

1. d4 Nf6 2. c4 e6 3. Nf3 b6 4. a3 Ba6 5. e3 d5 6. Nbd2 Be7 7. b4 O-O 8. Bb2 c5
9. dxc5 bxc5 10. b5 Bb7 11. Be2 Nbd7 12. O-O Bd6 13. Qc2 Rc8 14. Rfd1 Qe7 15.
Rac1 Rfd8 16. Qb1 Nb6 17. Qa1 Na4 18. Be5 Bxe5 19. Nxe5 Nd7 20. Nxd7 Rxd7 21.
cxd5 Rxd5 22. Bf3 Rdd8 23. Bxb7 Qxb7 24. Nc4 Rxd1+ 25. Rxd1 Rb8 26. Nd6 Qc7 27.
Qc1 Rd8 28. Ne4 Rd5 29. Qc2 Qa5 30. g3 c4 31. Rd4 Rxd4 32. exd4 Nb6 33. a4 Qxa4
34. Qxa4 Nxa4 35. Kf1 Kf8 36. Ke1 Ke7 37. Kd2 h6 38. Kc2 g5 39. h3 f5 40. Nd2 c3
41. Nc4 Nb2 42. Ne3 Na4 43. Kb3 Nb6 1/2-1/2

[Event "54th Groningen Open 2016"]
[Site "Groningen NED"]
[Date "2016.12.24"]
[Round "4.6"]
[White "Bai, Jinshi"]
[Black "Bao, Qilin"]
[Result "1-0"]
[WhiteTitle "GM"]
[WhiteElo "2544"]
[BlackElo "2331"]
[WhiteFideId "8602280"]
[BlackFideId "8605750"]
[EventDate "2016.12.21"]

1. d4 d5 2. Nf3 Nf6 3. c4 dxc4 4. e3 Bg4 5. Bxc4 e6 6. Nc3 Nc6 7. Bb5 Bd6 8. e4
Bb4 9. Bxc6+ bxc6 10. Qa4 Bxc3+ 11. bxc3 O-O 12. Ne5 Bh5 13. Ba3 Re8 14. Qxc6
Rb8 15. Bc5 Ng4 16. Nxg4 Bxg4 17. O-O Be2 18. Rfb1 a6 19. a4 h5 20. h3 Bd3 21.
Rd1 Be2 22. Rd2 Bf3 23. Rd3 Be2 24. Re3 Bc4 25. Bb4 Bb3 26. Qxa6 Qd7 27. Qe2
Bxa4 28. Qxh5 Ra8 29. Rg3 Bc2 30. Rxa8 Rxa8 31. Qg5 g6 32. Rg4 c5 33. Bxc5 Qc7
34. e5 Qd8 1-0

[Event "54th Groningen Open 2016"]
[Site "Groningen NED"]
[Date "2016.12.24"]
[Round "4.7"]
[White "Karthikeyan, P."]
[Black "Schoppen, Casper"]
[Result "1/2-1/2"]
[WhiteTitle "IM"]
[WhiteElo "2474"]
[BlackElo "2337"]
[WhiteFideId "5018226"]
[BlackFideId "1046730"]
[EventDate "2016.12.21"]

1. c4 e5 2. Nc3 Nf6 3. Nf3 Nc6 4. e3 d6 5. d4 g6 6. b4 Bg7 7. b5 exd4 8. exd4
Ne7 9. Be2 O-O 10. O-O a6 11. bxa6 Rxa6 12. a4 Ra8 13. Ba3 Re8 14. h3 c6 15. Qb3
d5 16. Rfe1 Ne4 17. Bxe7 Rxe7 18. cxd5 Nxc3 19. Qxc3 cxd5 20. Bb5 Bf5 21. Rxe7
Qxe7 22. Re1 Qd6 23. Ne5 Rc8 24. Qb3 Rc7 25. Bf1 Be4 26. Qb2 Rc2 27. Qxb7 Bxe5
28. dxe5 Qc5 29. Re3 Rc1 30. Qb8+ Kg7 31. Qb2 Rb1 32. Qd2 Qc4 33. Re1 Rxe1 34.
Qxe1 Qxa4 35. Qd2 Qa1 36. f3 Bf5 37. Qxd5 Qa7+ 38. Kh2 Qe3 39. Qb5 h5 40. Qe2
Qf4+ 41. g3 Qd4 42. h4 f6 43. exf6+ Qxf6 44. Bh3 Bxh3 45. Kxh3 Qf5+ 46. Kg2 Qc5
47. Qe4 Kf6 48. g4 hxg4 49. fxg4 Kg7 50. Qb7+ Kg8 51. Qb3+ Kg7 52. Kf3 Qc6+ 53.
Kg3 Qd6+ 54. Kh3 Qc6 55. Qe3 Qd6 56. Qa7+ Kg8 57. Qa8+ Kg7 58. Qb7+ Kg8 59. Qc8+
Kh7 60. Qc3 Qf4 61. Qd3 Kg7 62. Qe2 Qd6 63. Qc4 Qa3+ 64. Kg2 Qb2+ 65. Kf3 Qf6+
66. Kg3 Qd6+ 67. Qf4 Qd3+ 68. Qf3 Qd6+ 69. Kh3 Kg8 70. Qb3+ Kg7 71. Qc3+ Kh7 72.
g5 Qe6+ 73. Kg3 Qd6+ 74. Kg4 Qe6+ 75. Kf4 Qd6+ 76. Qe5 Qb4+ 77. Qe4 Qd6+ 78. Ke3
Qg3+ 79. Kd4 Qd6+ 80. Kc4 Qa6+ 81. Kc5 Qa5+ 82. Kd6 Qd8+ 83. Ke6 Qe8+ 84. Kd5
Qa8+ 85. Kd4 Qa7+ 86. Kd3 Qa3+ 87. Ke2 Qb2+ 88. Kf3 Qc3+ 89. Qe3 Qc6+ 90. Qe4
Qc3+ 91. Qe3 1/2-1/2

[Event "54th Groningen Open 2016"]
[Site "Groningen NED"]
[Date "2016.12.24"]
[Round "4.8"]
[White "Maatman, Nick"]
[Black "Deepan, Chakkravarthy J."]
[Result "1/2-1/2"]
[WhiteTitle "FM"]
[BlackTitle "GM"]
[WhiteElo "2319"]
[BlackElo "2471"]
[WhiteFideId "1040391"]
[BlackFideId "5011132"]
[EventDate "2016.12.21"]

1. d4 Nf6 2. c4 e6 3. Nf3 b6 4. g3 Bb7 5. Bg2 Be7 6. O-O O-O 7. d5 exd5 8. Nh4
c6 9. cxd5 Nxd5 10. Nf5 Nf6 11. e4 d5 12. Nc3 Bb4 13. Bg5 Bxc3 14. bxc3 dxe4 15.
Qxd8 Rxd8 16. Rfd1 Na6 17. Bxf6 gxf6 18. Bxe4 Nc5 19. Bxc6 Bxc6 20. Ne7+ Kf8 21.
Nxc6 Rdc8 22. Nb4 Ne4 23. Nd5 Nxc3 24. Nxc3 Rxc3 25. Rd7 a5 26. Rb7 Rc6 27. Rb1
Rd8 28. R1xb6 Rxb6 29. Rxb6 Rd2 30. a4 Rd4 31. Rxf6 Rxa4 32. Ra6 Ra1+ 33. Kg2 a4
34. Kf3 a3 35. Kg4 Kg7 1/2-1/2

[Event "54th Groningen Open 2016"]
[Site "Groningen NED"]
[Date "2016.12.24"]
[Round "4.9"]
[White "Ten Hertog, Hugo"]
[Black "Colijn, Stefan"]
[Result "1-0"]
[WhiteTitle "IM"]
[BlackTitle "FM"]
[WhiteElo "2453"]
[BlackElo "2330"]
[WhiteFideId "1026356"]
[BlackFideId "1016199"]
[EventDate "2016.12.21"]

1. e4 e5 2. Nf3 Nc6 3. Bc4 Nf6 4. Ng5 d5 5. exd5 Na5 6. Bb5+ c6 7. dxc6 bxc6 8.
Bd3 Nd5 9. h4 f5 10. Nc3 Nf4 11. Bf1 Bc5 12. a3 h6 13. Nh3 Nxh3 14. Qh5+ Kf8 15.
Rxh3 Qd4 16. Qe2 Bb6 17. b4 Nc4 18. Qxc4 Qxf2+ 19. Kd1 f4 20. Qe2 Bg4 21. Rf3
Qxh4 22. Ne4 Rd8 23. a4 Kg8 24. a5 Be3 25. Bb2 Kh7 26. Ra3 Rhe8 27. Rd3 Rxd3 28.
Qxd3 Bf5 29. dxe3 Rd8 30. Bd4 Bg6 31. c3 fxe3 32. Rxe3 exd4 33. cxd4 Re8 34. Nc5
Rd8 35. Qd2 Rxd4 36. Bd3 1-0

[Event "54th Groningen Open 2016"]
[Site "Groningen NED"]
[Date "2016.12.24"]
[Round "4.10"]
[White "Zwirs, Nico"]
[Black "Xiang, Zeyu"]
[Result "1-0"]
[WhiteElo "2388"]
[BlackElo "2310"]
[WhiteFideId "1036432"]
[BlackFideId "8608547"]
[EventDate "2016.12.21"]

1. c4 c6 2. e4 d5 3. exd5 cxd5 4. d4 Nf6 5. Nc3 g6 6. Qb3 Bg7 7. cxd5 O-O 8. Nf3
Nbd7 9. a4 a5 10. Be2 Nb6 11. O-O Nfxd5 12. Nxd5 Nxd5 13. Rd1 Nb4 14. Bd2 Be6
15. Bc4 Bxc4 16. Qxc4 Qd5 17. Rac1 Qxc4 18. Rxc4 Nd5 19. Rdc1 e6 20. Rc5 b6 21.
Rc6 Rfb8 22. h4 h5 23. b3 Bf6 24. g3 b5 25. Ne5 Bxe5 26. dxe5 Kg7 27. R6c5 bxa4
28. bxa4 Rb2 29. Rxa5 Rab8 30. Bg5 Re2 31. Rb5 Ra8 32. Ra1 Rc8 33. Ra3 Rcc2 34.
Rf3 Rc8 35. Rb7 Rf8 36. Bf6+ Kh6 37. Bg5+ Kg7 38. Bf6+ Kh6 39. Ra3 Nxf6 40. exf6
g5 41. hxg5+ Kxg5 42. a5 Rc2 43. a6 Rcc8 44. a7 Kxf6 45. Rab3 Rc1+ 46. Kg2 Ra8
47. Ra3 Rcc8 48. Rf3+ Ke5 49. Rfxf7 Rc2 50. Rb8 Kd5 1-0

[Event "54th Groningen Open 2016"]
[Site "Groningen NED"]
[Date "2016.12.24"]
[Round "4.10"]
[White "Zwirs, Nico"]
[Black "Xiang, Zeyu"]
[Result "1-0"]
[WhiteElo "2388"]
[BlackElo "2310"]
[WhiteFideId "1036432"]
[BlackFideId "8608547"]
[EventDate "2016.12.21"]

1. c4 c6 2. e4 d5 3. exd5 cxd5 4. d4 Nf6 5. Nc3 g6 6. Qb3 Bg7 7. cxd5 O-O 8. Nf3
Nbd7 9. a4 a5 10. Be2 Nb6 11. O-O Nfxd5 12. Nxd5 Nxd5 13. Rd1 Nb4 14. Bd2 Be6
15. Bc4 Bxc4 16. Qxc4 Qd5 17. Rac1 Qxc4 18. Rxc4 Nd5 19. Rdc1 e6 20. Rc5 b6 21.
Rc6 Rfb8 22. h4 h5 23. b3 Bf6 24. g3 b5 25. Ne5 Bxe5 26. dxe5 Kg7 27. R6c5 bxa4
28. bxa4 Rb2 29. Rxa5 Rab8 30. Bg5 Re2 31. Rb5 Ra8 32. Ra1 Rc8 33. Ra3 Rcc2 34.
Rf3 Rc8 35. Rb7 Rf8 36. Bf6+ Kh6 37. Bg5+ Kg7 38. Bf6+ Kh6 39. Ra3 Nxf6 40. exf6
g5 41. hxg5+ Kxg5 42. a5 Rc2 43. a6 Rcc8 44. a7 Kxf6 45. Rab3 Rc1+ 46. Kg2 Ra8
47. Ra3 Rcc8 48. Rf3+ Ke5 49. Rfxf7 Rc2 50. Rb8 1-0

[Event "54th Groningen Open 2016"]
[Site "Groningen NED"]
[Date "2016.12.24"]
[Round "4.11"]
[White "Soumya, Swaminathan"]
[Black "Chu, Ruotong"]
[Result "1-0"]
[WhiteTitle "WGM"]
[WhiteElo "2384"]
[BlackElo "2106"]
[WhiteFideId "5016193"]
[BlackFideId "8605653"]
[EventDate "2016.12.21"]

1. e4 e5 2. Nf3 Nf6 3. Nxe5 d6 4. Nf3 Nxe4 5. c4 Be7 6. d4 Bg4 7. h3 Bh5 8. Qb3
O-O 9. Qxb7 Bh4 10. Be3 Qe7 11. Nxh4 Qxh4 12. Bd3 Ng3 13. Qxa8 Re8 14. fxg3
Qxg3+ 15. Kd2 Qxe3+ 16. Kc2 Na6 17. Qb7 Be2 18. Bxe2 Qxd4 19. Nc3 Nc5 20. Qf3 1-0

[Event "54th Groningen Open 2016"]
[Site "Groningen NED"]
[Date "2016.12.24"]
[Round "4.12"]
[White "Brink, Barry"]
[Black "Popov, Mikhail"]
[Result "1/2-1/2"]
[WhiteTitle "FM"]
[BlackTitle "FM"]
[WhiteElo "2299"]
[BlackElo "2369"]
[WhiteFideId "1009451"]
[BlackFideId "4146182"]
[EventDate "2016.12.21"]

1. d4 Nf6 2. c4 g6 3. Nc3 Bg7 4. e4 d6 5. Be2 O-O 6. Be3 e5 7. d5 a5 8. g4 Na6
9. g5 Nd7 10. h4 f5 11. gxf6 Nxf6 12. h5 Nc5 13. hxg6 Ncxe4 14. Nxe4 Nxe4 15.
gxh7+ Kh8 16. Nf3 Qf6 17. Rh2 Qg6 18. Bd3 Qg4 19. Bxe4 Qxe4 20. Nh4 Rf6 21. Qb1
Qg4 22. Kd2 Bf5 23. Nxf5 Rxf5 24. Qd3 a4 25. Qe2 Rf3 26. Rah1 e4 27. Qf1 Qf5 28.
Rg2 Qf6 29. Qc1 Rf8 30. Qc3 Qxc3+ 31. bxc3 Be5 32. Rh4 R8f7 33. Rhg4 Rxh7 34.
Rxe4 b6 1/2-1/2

[Event "54th Groningen Open 2016"]
[Site "Groningen NED"]
[Date "2016.12.24"]
[Round "4.13"]
[White "Ypma, Peter"]
[Black "Warmerdam, Max"]
[Result "1-0"]
[BlackTitle "FM"]
[WhiteElo "2260"]
[BlackElo "2347"]
[WhiteFideId "1027255"]
[BlackFideId "1048104"]
[EventDate "2016.12.21"]

1. b3 e5 2. Bb2 Nc6 3. e3 Nf6 4. Bb5 Bd6 5. Ne2 e4 6. Ng3 O-O 7. Bxf6 Qxf6 8.
Nc3 Bxg3 9. hxg3 Re8 10. Rh4 Qg6 11. Bc4 Ne5 12. Bd5 c6 13. Bxe4 f5 14. Bf3 Qf6
15. Be2 b5 16. d4 Ng6 17. Rh2 a5 18. a3 d5 19. Bh5 Re7 20. Bxg6 hxg6 21. Kd2 g5
22. Qf3 Be6 23. Rah1 Kf8 24. Rh8+ Bg8 25. Nxd5 cxd5 26. Qxd5 Rae8 27. Rxg8# 1-0

[Event "54th Groningen Open 2016"]
[Site "Groningen NED"]
[Date "2016.12.24"]
[Round "4.14"]
[White "Wacker, Peter"]
[Black "Rakotomaharo, Fy Antenaina"]
[Result "1/2-1/2"]
[WhiteTitle "FM"]
[BlackTitle "FM"]
[WhiteElo "2306"]
[BlackElo "2446"]
[WhiteFideId "4615751"]
[BlackFideId "13100050"]
[EventDate "2016.12.21"]

1. e4 c5 2. Nf3 d6 3. Bb5+ Nd7 4. d4 Nf6 5. Nc3 cxd4 6. Qxd4 e5 7. Qd3 h6 8. Nd2
Be7 9. Nc4 O-O 10. Bxd7 Qxd7 11. Ne3 Bd8 12. O-O Qc6 13. Rd1 Be6 14. Qxd6 Qxd6
15. Rxd6 Ba5 16. f3 Rfd8 17. Rxd8+ Rxd8 18. Kf2 Bxc3 19. bxc3 Nd7 20. Rb1 Nb6
21. a4 Rd7 22. Rb4 Rc7 23. a5 Nc4 24. Nxc4 Bxc4 25. Be3 a6 26. Bb6 Rc6 27. Ke1
h5 28. h4 Bb5 29. Rb3 Kf8 30. Ra3 Ke8 31. Be3 Kd7 32. Rb3 Kc8 33. Ra3 Rc4 34. g3
Rc6 35. Rb3 Rc4 36. Ra3 Bc6 37. Ke2 g6 38. Kd3 Bb5 39. Kd2 Kd7 40. Ra1 Ke6 41.
Rg1 Ra4 42. Bb6 Bc6 43. g4 hxg4 44. Rxg4 Ra1 45. Rg1 Ra2 46. Rg2 Ra1 47. Rg1 1/2-1/2

[Event "54th Groningen Open 2016"]
[Site "Groningen NED"]
[Date "2016.12.24"]
[Round "4.15"]
[White "Kuipers, Stefan"]
[Black "De Jong, Migchiel"]
[Result "1/2-1/2"]
[WhiteTitle "IM"]
[BlackTitle "IM"]
[WhiteElo "2408"]
[BlackElo "2331"]
[WhiteFideId "1018400"]
[BlackFideId "1002848"]
[EventDate "2016.12.21"]

1. Nf3 Nf6 2. g3 g6 3. Bg2 Bg7 4. O-O O-O 5. d4 d5 6. c4 c6 7. b3 Bf5 8. Bb2 a5
9. Nc3 Ne4 10. cxd5 Nxc3 11. Bxc3 cxd5 12. Ne5 Nc6 13. Rc1 Qb6 14. Qd2 Bxe5 15.
dxe5 d4 16. Bb2 Rfd8 17. Rfd1 Rac8 18. h4 Qb5 19. Ba3 Qxe5 20. Rc5 Qe6 21. Bxc6
bxc6 22. Bb2 Be4 23. Kh2 f6 24. Bxd4 Rd7 25. Qe3 Rcd8 26. Rd2 Bf5 27. Qxe6+ Bxe6
28. e3 Bg4 29. f4 Rd5 30. Rxd5 Rxd5 1/2-1/2

[Event "54th Groningen Open 2016"]
[Site "Groningen NED"]
[Date "2016.12.24"]
[Round "4.16"]
[White "Chu, Wei Chao"]
[Black "Anwesh, Upadhyaya"]
[Result "1/2-1/2"]
[WhiteTitle "IM"]
[BlackTitle "IM"]
[WhiteElo "2281"]
[BlackElo "2386"]
[WhiteFideId "8605661"]
[BlackFideId "5028949"]
[EventDate "2016.12.21"]

1. d4 Nf6 2. c4 c6 3. Nc3 d5 4. Nf3 e6 5. g3 Nbd7 6. Bg2 dxc4 7. O-O b5 8. e4
Bb7 9. e5 Nd5 10. Ng5 Be7 11. Qh5 g6 12. Qh6 Bf8 13. Qh3 Be7 14. Nce4 Qb6 15.
Be3 h5 16. Rad1 Rf8 17. Nh7 Rh8 18. Nhf6+ N7xf6 19. exf6 Bf8 20. Ng5 Qc7 21.
Nxe6 fxe6 22. Qxe6+ Kd8 23. Bg5 Qd7 24. Bxd5 Qxd5 25. Qe3 Bd6 26. f7+ Kd7 27.
Rfe1 Qxf7 28. d5 cxd5 29. Qc3 Rhe8 30. Rxe8 Rxe8 1/2-1/2